000 00210nam a2200109Ia 4500
100 _aZUCKER/BENJAMIN.
942 _cBK
245 _aHOW TO INVEST IN GEMS.
260 _b#N/A
546 _aENGLISH
999 _c26018
_d26018